Southville International School and Colleges
Your cart is empty.
  • Cart
  • Lists
    Public lists list_1 View all
    Your lists Log in to create your own lists
  • Log in to your account
  • Your cookies
  • Search history
Southville International School and Colleges
  • Advanced search
  • Recent comments
  • Most popular
  • Libraries

Log in to your account

Log in with GOOGLE


If you do not have an external account, but do have a local account, you can still log in:

  1. Home
  2. MARC view: Exploring music /
Normal view MARC view ISBD view

Exploring music / (Record no. 9734)

[ view plain ]
MARC details
000 -LEADER
fixed length control field 00806cam a2200289u 4500
001 - CONTROL NUMBER
control field 9427064
003 - CONTROL NUMBER IDENTIFIER
control field SISC
005 - DATE AND TIME OF LATEST TRANSACTION
control field 20160321133249.0
008 - FIXED-LENGTH DATA ELEMENTS--GENERAL INFORMATION
fixed length control field 820623m19689999xx a 000 0 eng
010 ## - LIBRARY OF CONGRESS CONTROL NUMBER
LC control number 68004650
020 ## - INTERNATIONAL STANDARD BOOK NUMBER
International Standard Book Number 0030895405
040 ## - CATALOGING SOURCE
Original cataloging agency DLC
Transcribing agency CarP
Modifying agency DLC
050 00 - LIBRARY OF CONGRESS CALL NUMBER
Classification number M 1994
Item number .L263 1971
082 ## - DEWEY DECIMAL CLASSIFICATION NUMBER
Classification number HS 780
Item number L23 1975
100 1# - MAIN ENTRY--PERSONAL NAME
Personal name Landis, Beth.
9 (RLIN) 14867
245 10 - TITLE STATEMENT
Title Exploring music /
Statement of responsibility, etc Beth Landis.
260 ## - PUBLICATION, DISTRIBUTION, ETC. (IMPRINT)
Place of publication, distribution, etc New York :
Name of publisher, distributor, etc Rinehart and Winston,
Date of publication, distribution, etc c1971.
300 ## - PHYSICAL DESCRIPTION
Extent 252 p. :
Other physical details col. ill. ;
Dimensions 27 cm.
526 ## - STUDY PROGRAM INFORMATION NOTE
Reading level
562 ## - COPY AND VERSION IDENTIFICATION NOTE
Number of copies
650 #0 - SUBJECT ADDED ENTRY--TOPICAL TERM
Topical term or geographic name as entry element School songbooks.
9 (RLIN) 14868
700 1# - ADDED ENTRY--PERSONAL NAME
Personal name Hoggard, Lara, [from old catalog]
Relator term joint author.
9 (RLIN) 14869
740 ## - ADDED ENTRY--UNCONTROLLED RELATED/ANALYTICAL TITLE
Uncontrolled related/analytical title Man and his arts.
906 ## - LOCAL DATA ELEMENT F, LDF (RLIN)
a 0
b cbc
c premunv
d u
e ncip
f 19
g y-gencatlg
942 ## - ADDED ENTRY ELEMENTS (KOHA)
Source of classification or shelving scheme Library of Congress Classification
Koha item type Books
Holdings
Withdrawn status Lost status Source of classification or shelving scheme Damaged status Home library Current library Shelving location Date acquired Total Checkouts Full call number Barcode Date last seen Date checked out Copy number Price effective from Koha item type
    Library of Congress Classification   Luxembourg Library Luxembourg Library   08/28/2013 1 M 1994 .L263 1971 1027 12/02/2019 11/13/2019 1 08/28/2013 Books

Exploring music /

APA

Landis B., Hoggard L. [. o. c., . (1971). Exploring music. New York: Rinehart and Winston.

Chicago

Landis Beth, Hoggard Lara [from old catalog], . 1971. Exploring music. New York: Rinehart and Winston.

Harvard

Landis B., Hoggard L. [. o. c., . (1971). Exploring music. New York: Rinehart and Winston.

MLA

Landis Beth, Hoggard Lara [from old catalog], . Exploring music. New York: Rinehart and Winston. 1971.

  • Place hold
  • Print
  • Cite
  • Add to your cart (remove)
  • Save record
    BIBTEX Dublin Core MARCXML MARC (non-Unicode/MARC-8) MARC (Unicode/UTF-8) MARC (Unicode/UTF-8, Standard) MODS (XML) RIS
  • More searches
    Search for this title in:
    Other Libraries (WorldCat) Other Databases (Google Scholar) Online Stores (Bookfinder.com) Open Library (openlibrary.org)

Exporting to Dublin Core...

SOUTHVILLE LIBRARY

Southville International School and Colleges Library

1281 Tropical Ave. Cor. Luxembourg St., BF Homes International, Las Pinas City

Tel. No. 8256374 / 252358 Loc. 117/146

Powered by Koha